00625nam a22002057a 4500003000500000005001700005008004100022010001000063011001000073035001000083040000900093082001600102100002700118245009700145260005400242300001100296490003200307650004800339830003200387CHAP20220329135236.0971013s1978 r 00010 d a33178 a34150 a38266 cCHAP a338.174bN800aNuckton, Carole Frank. aDemand relationships for California tree fruits, grapes, and nuts ; a review of past studies aBerkeley, Cal. :bUniversity of California,c1978 a146 p. aSpecial publicationv; 324714aFruticulturaxAspectos económicosxE.U.A.0 aSpecial publicationv; 3247